Southville International School and Colleges
Your cart is empty.
  • Cart
  • Lists
    Public lists Eva Luna New books Lux_list list_1
    Your lists Log in to create your own lists
  • Log in to your account
  • Your cookies
  • Search history
Southville International School and Colleges
  • Advanced search
  • Recent comments
  • Most popular
  • Libraries

Log in to your account

Log in with GOOGLE


If you do not have an external account, but do have a local account, you can still log in:

  1. Home
  2. MARC view: The trauma recovery toolkit : a creative approach to psychoeducation
Normal view MARC view ISBD view

The trauma recovery toolkit : a creative approach to psychoeducation (Record no. 365420)

[ view plain ]
MARC details
000 -LEADER
fixed length control field 00667nam a22001937a 4500
003 - CONTROL NUMBER IDENTIFIER
control field 0
005 - DATE AND TIME OF LATEST TRANSACTION
control field 20230928073914.0
008 - FIXED-LENGTH DATA ELEMENTS--GENERAL INFORMATION
fixed length control field 230928b xxu||||| |||| 00| 0 eng d
020 ## - INTERNATIONAL STANDARD BOOK NUMBER
International Standard Book Number 978-1-032-26184-3
050 ## - LIBRARY OF CONGRESS CALL NUMBER
Classification number RC 552
Item number .M38 2023
100 ## - MAIN ENTRY--PERSONAL NAME
Personal name Matias, Kim
245 ## - TITLE STATEMENT
Title The trauma recovery toolkit : a creative approach to psychoeducation
Statement of responsibility, etc Kim Matias
260 ## - PUBLICATION, DISTRIBUTION, ETC. (IMPRINT)
Place of publication, distribution, etc London
Name of publisher, distributor, etc Routledge
Date of publication, distribution, etc c2023.
300 ## - PHYSICAL DESCRIPTION
Extent xii, 161 pages :
Other physical details col. ill. ;
Dimensions 30 cm.
500 ## - GENERAL NOTE
General note Post-traumatic stress disorder--treatment.
504 ## - BIBLIOGRAPHY, ETC. NOTE
Bibliography, etc Includes bibliographical references, glossary, and index.<br/>
650 ## - SUBJECT ADDED ENTRY--TOPICAL TERM
Topical term or geographic name as entry element Post-traumatic stress disorder--treatment.
942 ## - ADDED ENTRY ELEMENTS (KOHA)
Source of classification or shelving scheme Library of Congress Classification
Koha item type Books
Holdings
Withdrawn status Lost status Source of classification or shelving scheme Damaged status Home library Current library Shelving location Date acquired Source of acquisition Sub Shelving location Total Checkouts Total Renewals Full call number Barcode Date last seen Date checked out Price effective from Koha item type
    Library of Congress Classification   College Library College Library Reserve Section 09/28/2023 Library Fund   1 2 RC 552 .M38 2023 C23051 07/08/2024 02/13/2024 09/28/2023 Books

The trauma recovery toolkit : a creative approach to psychoeducation

APA

Matias K., . (2023). The trauma recovery toolkit : a creative approach to psychoeducation. London: Routledge.

Chicago

Matias Kim, . 2023. The trauma recovery toolkit : a creative approach to psychoeducation. London: Routledge.

Harvard

Matias K., . (2023). The trauma recovery toolkit : a creative approach to psychoeducation. London: Routledge.

MLA

Matias Kim, . The trauma recovery toolkit : a creative approach to psychoeducation. London: Routledge. 2023.

  • Place hold
  • Print
  • Cite
  • Add to your cart (remove)
  • Save record
    BIBTEX Dublin Core MARCXML MARC (non-Unicode/MARC-8) MARC (Unicode/UTF-8) MARC (Unicode/UTF-8, Standard) MODS (XML) RIS
  • More searches
    Search for this title in:
    Other Libraries (WorldCat) Other Databases (Google Scholar) Online Stores (Bookfinder.com) Open Library (openlibrary.org)

Exporting to Dublin Core...

SOUTHVILLE LIBRARY

Southville International School and Colleges Library

1281 Tropical Ave. Cor. Luxembourg St., BF Homes International, Las Pinas City

Tel. No. 8256374 / 252358 Loc. 117/146

Powered by Koha